Caribbean Nations and Dependencies, and their Capitals - Statistics

General Stats
  • This quiz has been taken 181 times
  • The average score is 35 of 54
Answers on the Map
Answers color-coded by a green-red scale on the quiz's map according to % correct below.
 
Answer Stats
Answer % Correct
Bahamas
88%
Cuba
88%
Haiti
88%
Jamaica
88%
Dominica
87%
Havana
85%
Dominican Republic
84%
Kingston
83%
Kingstown
83%
Barbados
82%
Nassau
82%
Port of Spain
82%
Santo Domingo
82%
St. Lucia
82%
Grenada
81%
Port-au-Prince
81%
Trinidad and Tobago
81%
Puerto Rico
80%
US Virgin Islands
79%
Aruba
78%
Bridge Town
78%
Saint Vincent and the Grenadines
78%
St Kitts & Nevis
78%
Basseterre
76%
Basse-Terre
76%
Saint George
76%
Antigua and Barbuda
74%
Roseau
74%
San Juan
74%
Saint-Martin
73%
Guadeloupe
72%
Martinique
72%
Curaçao
71%
St. John's
71%
Cayman Islands
69%
Castries
68%
British Virgin Islands
65%
Sint Maarten
55%
Turks and Caicos Islands
50%
Oranjestad
48%
Willemstad
47%
Fort-de-France
44%
George Town
41%
Road Town
37%
St Barthélemy
34%
Cockburn Town
33%
Charlotte Amalie
30%
Marigot
30%
Anguila
29%
Philipsburg
26%
Gustavia
22%
Brades
19%
Monserrat
19%
El Valle
9%
No matching quizzes found
Score Distribution
Percent of People with Each Score
Percentile by Number Answered
Your Score History
You have not taken this quiz